00298nam a2200133Ia 4500003000900000008004100009040001300050040001300063100002100076245002800097260002500125300000800150490000600158IT-RoPAU120407s9999 xx 000 0 und d aIT-RoPAU cIT-RoPAU aJacques Maritain aLe Paysan de la Garonne aDesclée de Brouwer c cm v1